00144nam a2200061Ia 4500008004100000100002000041245002100061120527s9999 xx 000 0 und d aDuffy, G. Karen aPsychology 04/05